| 000 -ლიდერი |
| ფიქსირებული სიგრძის საკონტროლო ველი |
01071nam a2200253Ia 4500 |
| 001 - საკონტროლო ნომერი |
| საკონტროლო ველი |
23107 |
| 003 - საკონტროლო ნომრის იდენტიფიკატორი |
| საკონტროლო ველი |
GE_BSU |
| 005 - ბოლო ოპერაციის თარიღი და დრო |
| საკონტროლო ველი |
20230712110147.0 |
| 008 - ფიქსირებული სიგრძის მონაცემთა ელემენტები - ზოგადი ინფორმაცია |
| ფიქსირებული სიგრძის საკონტროლო ველი |
181216s1952||||ge |||||||||||||| ||geo|| |
| 040 ## - კატალოგიზაციის წყარო |
| Transcribing agency |
GE_BSU |
| 041 ## - ენის კოდი |
| Language code of text/sound track or separate title |
geo |
| 080 ## - უნივერსალური ათობითი კლასიფიკაციის ინდექსი |
| Universal Decimal Classification number |
821.111-193.3 შ-56 |
| 100 ## - მთავარი ჩანაწერი - პიროვნების სახელი |
| Personal name |
შექსპირი, უილიამ |
| 9 (RLIN) |
19260 |
| 245 ## - ცნობა სათაურის შესახებ |
| Title |
სონეტები / |
| Statement of responsibility, etc |
ინგლ. თარგმ. გივი გაჩეჩილაძის მიერ ; რედ. ო. ჩხეიძე. |
| 264 ## - წარმოების, გამოცემის, დისტრიბუციის და სხვა ცნობები |
| გამოცემის, წარმოების, დისტრიბუციის... ადგილი |
თბილისი : |
| გამოცემის, წარმოების, დისტრიბუციის... სახელწოდება |
სახელგამი, |
| გამოცემის, წარმოების, დისტრიბუციის... თარიღი |
1952. |
| 300 ## - ფიზიკური აღწერა |
| Extent |
192 გვ. ; |
| Dimensions |
18 სმ. |
| 500 ## - ზოგადი შენიშვნა |
| General note |
გაშლილი თავფურცელი ინგლისურ ენაზე |
| 520 ## - SUMMARY, ETC. |
| Summary, etc |
გაშლ. თავფურც. ინგლ. ენ. |
| 653 ## - INDEX TERM--UNCONTROLLED |
| Uncontrolled term |
სონეტები |
| 700 ## - ADDED ENTRY--PERSONAL NAME |
| Personal name |
გაჩეჩილაძე, გივი |
| Relator term |
მთარგმნელი |
| 9 (RLIN) |
5703 |
| 700 ## - ADDED ENTRY--PERSONAL NAME |
| Personal name |
ჩხეიძე, ო. |
| Relator term |
რედაქტორი |
| 9 (RLIN) |
19261 |
| 942 ## - ADDED ENTRY ELEMENTS (KOHA) |
| Koha item type |
წიგნი |
| Source of classification or shelving scheme |
|